| 000 | 00699nam a22001817a 4500 | ||
|---|---|---|---|
| 003 | BUBTL | ||
| 008 | 190428b xxu||||| |||| 00| 0 eng d | ||
| 020 | _a984-70187-0010-9 | ||
| 082 | _a954.92/ Sa992f/ 1986 | ||
| 100 |
_92300 _aসাইয়িদ, আবু |
||
| 245 |
_aবঙ্গবন্ধু হত্যাকাণ্ড : ফ্যাক্টস এন্ড ডকুমেন্টস / _cআবু সাইয়িদ |
||
| 260 |
_aঢাকা : _bচারুলিপি, _cc1986 |
||
| 300 |
_a360 p. : _bill. ; _c22 cm. |
||
| 650 | 0 |
_91755 _aমুক্তিযুদ্ধ |
|
| 856 |
_k0 _l0 _yDownload |
||
| 942 |
_2ddc _cBK |
||
| 999 |
_c5997 _d5997 |
||